| 000 | 00976nas a2200325 4500 | ||
|---|---|---|---|
| 001 | BR0806778 | ||
| 003 | BR-BrBNA | ||
| 005 | 20231205112154.0 | ||
| 007 | ta | ||
| 008 | 230509b bl.|||p| |||| 00| 00por d | ||
| 040 |
_aBR-BrBNA _bpor _cBiblioteca Nacional de Agricultura |
||
| 041 | _a(Pt) | ||
| 072 | _aL01 | ||
| 100 | 1 | _aKuss, F. | |
| 100 | 1 | _aMoletta, J.L. | |
| 100 | 1 | _aPerotto, D. | |
| 100 | 1 | _aPaula, M.C. de | |
| 100 | 1 | _aMartins, A. de S. | |
| 100 | 1 | _aSilva, N.L. da | |
| 100 | 1 | _aLeme, M.C.J. | |
| 245 | 1 | _aDesempenho e características da carcaça e da carne de novilhos cruzas pardo suíço x canchim e purunã x canchim terminados em confinamento | |
| 650 | _aNOVILHO | ||
| 650 | _aCONFINAMENTO | ||
| 650 | _aGANHO DE PESO | ||
| 650 | _aABATE | ||
| 650 | _aGORDURA | ||
| 773 | 0 |
_tCiência Rural (Brazil) _xISSN 0103-8478 _g(Jul 2008), v. 38(4) p. 1061-1066 _wBR0806778 |
|
| 909 |
_a202311 _bLúcia _c55 _dLúcia Elande |
||
| 942 |
_2AGRIS _n0 _cANA |
||
| 999 |
_c196511 _d196511 |
||